00489 2200193 4500001002100000005001500021035002000036008004100056245006100097100002700158250000600185260003300191300001100224084001400235082000800249650001400257990001200271990001200283INLIS00000000000034720240503082129 a0010-0424000323240503 0 ind 1 aNarkoba, Perlukah Mengenalnya ? /cIda Listiyani Handoyo aListiyani Handoyo, Ida a1 aBandung :bPakar Raya,c2016 a67 hlm a300 IDA n a300 4aNon Fiksi a0728704 a0728705